Statistiques concernant Quel pays ne correspond pas?

Cliquez ici pour prendre le quiz!

Statistiques générales

  • Ce quiz a été pris 341 fois
  • Le résultat moyen est 9 sur 15

Statistiques - réponses

QuestionRéponse% Correct
SaharienKenya
84%
Hôtes olympiquesInde
82%
Majorité musulmaneD.R. Congo
80%
Frontière brésilienneÉquateur
79%
Vainqueurs de la FIFASuède
78%
Capital commençant par "S"Botswana
75%
CommunisteJapon
71%
Colonies britanniquesEthiopie
70%
Complètement entouré par un autre paysGuinée Bissau
70%
Union européenneUkraine
70%
tropique du CancerIndonésie
45%
Neutre à la seconde guerre mondialePays-Bas
35%
Reconnaissance complète par les membres de l'ONUChine
29%
Les flux du DanubeTchéquie
21%
Système métrique adoptéChine
15%

Distribution des résultats

Percentile par nombre de réponses

% des personnes avec chaque résultat

Votre développement - résultats

Vous n’avez pas pris ce quiz